<?xml version="1.0" encoding="UTF-8"?>
<resp>
  <nextPage>https://data.bn.org.pl/api/networks/bibs.marcxml?marc=001+b00001150001757&amp;sinceId=1150001758</nextPage>
  <collection>
    <record xmlns='http://www.loc.gov/MARC21/slim'><leader>02132namZa2200541ZiZ4500</leader><controlfield tag='001'>b00001150001757</controlfield><controlfield tag='005'>20260403094914.9</controlfield><controlfield tag='008'>230609s        pl           |000 0 pol c</controlfield><controlfield tag='009'>9913261771405606</controlfield><datafield ind1=' ' ind2=' ' tag='020'><subfield code='a'>8324122451</subfield></datafield><datafield ind1=' ' ind2=' ' tag='035'><subfield code='a'>KR_1KR_1_20120317225125054479-48omnis_kr</subfield></datafield><datafield ind1=' ' ind2=' ' tag='035'><subfield code='a'>KR_1_20120317225125054479</subfield><subfield code='9'>ExL</subfield></datafield><datafield ind1=' ' ind2=' ' tag='035'><subfield code='a'>(PL)b00001150001757</subfield></datafield><datafield ind1=' ' ind2=' ' tag='040'><subfield code='a'>KR_1</subfield><subfield code='c'>KR_1</subfield></datafield><datafield ind1='1' ind2=' ' tag='041'><subfield code='a'>pol</subfield><subfield code='h'>eng</subfield></datafield><datafield ind1='1' ind2=' ' tag='100'><subfield code='a'>Erickson, Lynn</subfield></datafield><datafield ind1='1' ind2='0' tag='245'><subfield code='a'>Mąż i kochanek /</subfield><subfield code='c'>Lynn Erickson ; przekł. Joanna Nałęcz.</subfield></datafield><datafield ind1=' ' ind2=' ' tag='260'><subfield code='a'>W-wa :</subfield><subfield code='b'>&quot;Amber&quot;,</subfield><subfield code='c'>2005.</subfield></datafield><datafield ind1=' ' ind2=' ' tag='300'><subfield code='a'>286 s. ;</subfield><subfield code='c'>21 cm.</subfield></datafield><datafield ind1='1' ind2=' ' tag='490'><subfield code='a'>Wszystko dla Pań</subfield></datafield><datafield ind1=' ' ind2=' ' tag='500'><subfield code='a'>p</subfield></datafield><datafield ind1=' ' ind2='9' tag='650'><subfield code='a'>Powieść amerykańska</subfield><subfield code='y'>21 w.</subfield></datafield><datafield ind1='1' ind2=' ' tag='700'><subfield code='a'>Nałęcz, Joanna</subfield><subfield code='e'>Tł.</subfield></datafield><datafield ind1=' ' ind2=' ' tag='852'><subfield code='8'>22800006710008210</subfield><subfield code='j'>1</subfield><subfield code='b'>F02</subfield><subfield code='p'>10545790</subfield><subfield code='c'>UBYTKI_F02</subfield></datafield><datafield ind1=' ' ind2=' ' tag='852'><subfield code='8'>22800006770008210</subfield><subfield code='j'>1</subfield><subfield code='b'>F16</subfield><subfield code='p'>10481096</subfield><subfield code='c'>UBYTKI_F16</subfield></datafield><datafield ind1=' ' ind2=' ' tag='852'><subfield code='8'>22800006730008210</subfield><subfield code='j'>1</subfield><subfield code='b'>F06</subfield><subfield code='p'>10503059</subfield><subfield code='c'>UBYTKI_F06</subfield></datafield><datafield ind1=' ' ind2=' ' tag='852'><subfield code='8'>22800006690008210</subfield><subfield code='j'>1</subfield><subfield code='b'>F18</subfield><subfield code='p'>10543380</subfield><subfield code='c'>UBYTKI_F18</subfield></datafield><datafield ind1=' ' ind2=' ' tag='852'><subfield code='8'>22800006750008210</subfield><subfield code='j'>1</subfield><subfield code='b'>F13</subfield><subfield code='p'>10500989</subfield><subfield code='c'>UBYTKI_F13</subfield></datafield><datafield ind1=' ' ind2=' ' tag='852'><subfield code='8'>22800006670008210</subfield><subfield code='j'>1</subfield><subfield code='b'>F12</subfield><subfield code='p'>10154333</subfield><subfield code='c'>UBYTKI_F12</subfield></datafield><datafield ind1=' ' ind2=' ' tag='852'><subfield code='8'>22800006600008210</subfield><subfield code='j'>1</subfield><subfield code='b'>F09</subfield><subfield code='p'>10154336</subfield><subfield code='c'>UBYTKI_F09</subfield></datafield><datafield ind1=' ' ind2=' ' tag='852'><subfield code='8'>22800006850008210</subfield><subfield code='j'>1</subfield><subfield code='b'>F20</subfield><subfield code='p'>10154348</subfield><subfield code='c'>UBYTKI_F20</subfield></datafield><datafield ind1=' ' ind2=' ' tag='852'><subfield code='8'>22805922800008210</subfield><subfield code='j'>1</subfield><subfield code='b'>F08</subfield><subfield code='p'>10154337</subfield><subfield code='c'>UBYTKI_F08</subfield></datafield><datafield ind1=' ' ind2=' ' tag='852'><subfield code='8'>22805922800008210</subfield><subfield code='j'>1</subfield><subfield code='b'>F08</subfield><subfield code='p'>10520087</subfield><subfield code='c'>UBYTKI_F08</subfield></datafield><datafield ind1=' ' ind2=' ' tag='852'><subfield code='8'>22800006480008210</subfield><subfield code='j'>1</subfield><subfield code='b'>C</subfield><subfield code='p'>10154321</subfield><subfield code='c'>UBYTKI_C</subfield></datafield><datafield ind1=' ' ind2=' ' tag='852'><subfield code='8'>22800006440008210</subfield><subfield code='j'>1</subfield><subfield code='b'>F03</subfield><subfield code='p'>10412882</subfield><subfield code='c'>UBYTKI_F03</subfield></datafield><datafield ind1=' ' ind2=' ' tag='852'><subfield code='8'>22800006500008210</subfield><subfield code='j'>1</subfield><subfield code='b'>F15</subfield><subfield code='p'>10154331</subfield><subfield code='c'>UBYTKI_F15</subfield></datafield><datafield ind1=' ' ind2=' ' tag='852'><subfield code='8'>22805967550008210</subfield><subfield code='j'>1</subfield><subfield code='b'>F11</subfield><subfield code='p'>10154334</subfield><subfield code='c'>UBYTKI_F11</subfield></datafield><datafield ind1=' ' ind2=' ' tag='852'><subfield code='8'>22800006520008210</subfield><subfield code='j'>1</subfield><subfield code='b'>F10</subfield><subfield code='p'>10507072</subfield><subfield code='c'>UBYTKI_F10</subfield></datafield><datafield ind1=' ' ind2=' ' tag='852'><subfield code='8'>22805967550008210</subfield><subfield code='j'>1</subfield><subfield code='b'>F11</subfield><subfield code='p'>10370952</subfield><subfield code='c'>UBYTKI_F11</subfield></datafield><datafield ind1=' ' ind2=' ' tag='852'><subfield code='8'>22800006630008210</subfield><subfield code='j'>1</subfield><subfield code='b'>F14</subfield><subfield code='p'>10468866</subfield><subfield code='c'>UBYTKI_F14</subfield></datafield><datafield ind1=' ' ind2=' ' tag='852'><subfield code='8'>22800006460008210</subfield><subfield code='j'>1</subfield><subfield code='b'>F01</subfield><subfield code='p'>10154322</subfield><subfield code='c'>UBYTKI_F01</subfield></datafield><datafield ind1=' ' ind2=' ' tag='852'><subfield code='8'>22800006560008210</subfield><subfield code='j'>1</subfield><subfield code='b'>F09</subfield><subfield code='p'>10553419</subfield><subfield code='c'>Ubytki05</subfield></datafield><datafield ind1=' ' ind2=' ' tag='852'><subfield code='b'>48OMNIS_MBPG</subfield><subfield code='8'>991002485539708210</subfield></datafield><datafield ind1=' ' ind2=' ' tag='852'><subfield code='b'>48OMNIS_NETWORK</subfield><subfield code='8'>9913261771405606</subfield></datafield><datafield ind1=' ' ind2=' ' tag='920'><subfield code='a'>83-241-2245-1</subfield></datafield></record>
  </collection>
</resp>
